La construción biográfica del liderazgo comunitario : un estudio piloto orientado a la exploración del capital social en Santiago de Chile /

El reconocimiento de los procesos de liderazgo, como elementos que informan y conforman el capital social de las comunidades, ha resultado en respuestas que revelan el potencial heurístico de los métodos biográficos para aproximarse a las cualidades que adquiere este recurso en su realidad cotidiana...

Descripción completa

Detalles Bibliográficos
Autor principal: Reyes, María Isabel
Otros Autores: Perinat M., Adolfo
Formato: Analitica de revista
Publicado: Santiago, Chile Universidad Academia de Humanismo Cristiano. Escuela de Educación 2011
Acceso en línea:Disponible en línea (PDF). Biblioteca Digital UAHC

MARC

LEADER 00000cab a2200000 a 4500
001 027314
003 UAHC_CL
005 20210909175941.0
008 120302b2011 cl 000 esp
040 |a UAHC_CL  |c UAHC_CL  |d UAHC_CL 
100 1 |a Reyes, María Isabel 
245 1 3 |a La construción biográfica del liderazgo comunitario :  |b un estudio piloto orientado a la exploración del capital social en Santiago de Chile /  |c María Isabel Reyes, Adolfo Perinat. 
260 |b Universidad Academia de Humanismo Cristiano. Escuela de Educación  |c 2011  |a Santiago, Chile 
300 |a p. 63-89 
500 |a En: Castalia, Revista de psicología de la Academia, nº19, 2011. p. 63-89. ISSN: 07174985. 
500 |a En: Castalia, Revista de psicología de la Academia, nº19, 2011. p. 63-89. ISSN: 07174985. 
520 |a El reconocimiento de los procesos de liderazgo, como elementos que informan y conforman el capital social de las comunidades, ha resultado en respuestas que revelan el potencial heurístico de los métodos biográficos para aproximarse a las cualidades que adquiere este recurso en su realidad cotidiana. En este contexto, realizamos un estudio piloto que indaga en la trayectoria biográfica de dos líderes que han desarrollado su trabajo en Cerro Navia, un sector popular de la ciudad de Santiago de Chile. Los/as describimos como mediadores que han desarrollado destrezas para el manejo de posiciones ambivalentes, llegando a convertirse en nexos que articulan los beneficios de la comunidad con los personales. Observamos que el capital social en las comunidades indirectamente investigadas está fuertemente influidos por el devenir histórico, las luchas políticas y la cultura de nuestro país. Concluimos así que el papel de los/as líderes se materializa en un capital social acumulado (anclado en valores de solidaridad, compañerismo y colaboración) que le es devuelto a la comunidad (en las formas de voz, presencia y poder) para que esta se articule. 
520 |a El reconocimiento de los procesos de liderazgo, como elementos que informan y conforman el capital social de las comunidades, ha resultado en respuestas que revelan el potencial heurístico de los métodos biográficos para aproximarse a las cualidades que adquiere este recurso en su realidad cotidiana. En este contexto, realizamos un estudio piloto que indaga en la trayectoria biográfica de dos líderes que han desarrollado su trabajo en Cerro Navia, un sector popular de la ciudad de Santiago de Chile. Los/as describimos como mediadores que han desarrollado destrezas para el manejo de posiciones ambivalentes, llegando a convertirse en nexos que articulan los beneficios de la comunidad con los personales. Observamos que el capital social en las comunidades indirectamente investigadas está fuertemente influidos por el devenir histórico, las luchas políticas y la cultura de nuestro país. Concluimos así que el papel de los/as líderes se materializa en un capital social acumulado (anclado en valores de solidaridad, compañerismo y colaboración) que le es devuelto a la comunidad (en las formas de voz, presencia y poder) para que esta se articule. 
700 1 |a Perinat M., Adolfo 
759 |a PP035 
773 0 |t Castalia : Revista de psicología de la Academia.  |w 027192 
856 |u http://bibliotecadigital.academia.cl/xmlui/handle/123456789/2870  |3 Disponible en línea (PDF). Biblioteca Digital UAHC  |y Disponible en línea (PDF). Biblioteca Digital UAHC 
856 |u http://bibliotecadigital.academia.cl/xmlui/handle/123456789/2870  |3 Disponible en línea (PDF). Biblioteca Digital UAHC  |y Disponible en línea (PDF). Biblioteca Digital UAHC 
900 |a CASTALIA-19/11 
942 |c REVA 
952 |0 0  |1 0  |4 0  |6 CASTALIA_19_11_000000000000000  |7 0  |8 General  |9 54580  |a BC  |b BC  |c General  |d 2017-08-03  |l 0  |o CASTALIA-19/11  |p FICTICIO1629  |r 2019-01-08 00:00:00  |t 1  |w 2017-08-03  |y REVA 
999 |c 27314  |d 27314